=LDR 00000nam 2200000 4500 =001 INLIS000000000022181 =005 20130612120950 =008 ***********************************Ind** =035 ##$$0010-061300000022181 =041 ##$$a Ind =082 ##$$a 658.5 =090 ##$$a 658.5, Har-m =100 ##$$a HARDING, H.A =245 ##$$a Manajemen produksi, H.A. Harding, B.Sc., A.M.B.I.M =250 ##$$a Seri manajemen No. 35 =260 ##$$a 1984 $b Jakarta =300 ##$$a 263 hlm., ilus., 21 cm =650 ##$$a Manajemen produksi =850 ##$$a NBPNMAT